1303 1609 1462 1289 1867 1927 1573 1307 1659 1685 1625 1295 1240 1307 1069 1899 1292 1031 1093 1423 1656 1182 1226 1545 1528 1220 1510 1917 1030 1918 1863 1472 1324 1910 1824 1377 1683 1709 1048 1795 1484 1730 1529 1745 1871 1659 1479 1889 1635 1220 1131 1939 1156 1723 1902 1782 1531 1379 1159 1620 1786 1764 1410 1067 1450 1503 1886 1394 1087 1246 1634 1375 1540 1225 1878 1729 1123 1929 1144 1578 1285 1175 1521 1212 1687 1598 1487 1486 1727 1726 1556 1269 1948 1213 1194 1687 1872 1650 1432 BCNSPRNW ULIB Ver.6.0+V

เปลี่ยนเป็นภาษาไทย

Change to English
 แสดงรายละเอียดบรรณานุกรม
  กลับหน้าหลัก

Brief Record : Get Marc (ISO 2709) : E-mail record : QR code < ปิดหน้าต่าง
LEADER : 00000nam 2200000uu 4500
001    13399124076
003     ULIB
008    150112s2554||||th 000 0 tha d
020    ^a9789741115754
060  4 ^aWS105.5.C8^bม513ก
100 0  ^aมาลี อรุณากูร
245 10 ^aการสื่อสารกับเด็กที่มีความบกพร่องทางการได้ยินในงานทันตกรรมสำหรับเด็ก /^cมาลี อรุณากูร
250    ^aพิมพ์ครั้งที่ 1
260    ^aกรุงเทพฯ :^bภาควิชาทันตกรรมสำหรับเด็ก คณะทันตแพทยศาสตร์ มหาวิทยาลัยมหิดล,^c2554
300    ^a150 หน้า :^bภาพประกอบ +^eคอมแพกต์ดิสก์ 1 แผ่น
650  7 ^aทันตกรรมเด็ก
650  7 ^aเด็กที่มีความบกพร่องทางการได้ยิน
650  7 ^aเด็กหูหนวก
650  7 ^aการสื่อสารทางทันตแพทย์
650  7 ^aการสื่อสารทางการแพทย์
945    ^p600^l0^i038112
945    ^p600^l0^i038113
945    ^p600^l0^i038114
945    ^p600^l0^i038115
945    ^p600^l0^i038116
999    ^aเกษร โพธิ์สุวรรณ
รายการนี้ยังไม่มีแท็ก
คุณยังไม่ได้ล็อกอิน คุณสามารถมีกิจกรรมร่วมกับเว็บไซต์ได้ แต่ต้องล็อกอินก่อน ::
  ล็อกอิน

รายการสื่อสารสนเทศ

ลำดับที่ ประเภท เลขเรียก/บาร์โค้ด สถานที่ สถานะ
1. วิทยาศาสตร์การแพทย์ และสุขภาพ
หนังสือสำรอง
สถานะ=หนังสือสำรอง
WS105.5.C8 ม513ก ฉ.1 
  Barcode: 038112
ห้องสมุดวิทยาเขตสวรรค์ประชารักษ์
►ส่วนจัดเก็บหนังสือเก่า สปร
บนชั้น
  ขอยืม
2. วิทยาศาสตร์การแพทย์ และสุขภาพ
วิทยาศาสตร์การแพทย์ และสุขภาพ
WS105.5.C8 ม513ก ฉ.2 
  Barcode: 038113
ห้องสมุดวิทยาเขตสวรรค์ประชารักษ์
►ส่วนจัดเก็บหนังสือเก่า สปร
บนชั้น
  ขอยืม
3. วิทยาศาสตร์การแพทย์ และสุขภาพ
วิทยาศาสตร์การแพทย์ และสุขภาพ
WS105.5.C8 ม513ก ฉ.3 
  Barcode: 038114
ห้องสมุดวิทยาเขตสวรรค์ประชารักษ์
►ส่วนจัดเก็บหนังสือเก่า สปร
บนชั้น
  ขอยืม
4. วิทยาศาสตร์การแพทย์ และสุขภาพ
วิทยาศาสตร์การแพทย์ และสุขภาพ
WS105.5.C8 ม513ก ฉ.4 
  Barcode: 038115
ห้องสมุดวิทยาเขตสวรรค์ประชารักษ์
►ส่วนจัดเก็บหนังสือเก่า สปร
บนชั้น
  ขอยืม
5. วิทยาศาสตร์การแพทย์ และสุขภาพ
วิทยาศาสตร์การแพทย์ และสุขภาพ
WS105.5.C8 ม513ก ฉ.5 
  Barcode: 038116
ห้องสมุดวิทยาเขตสวรรค์ประชารักษ์
►ส่วนจัดเก็บหนังสือเก่า สปร
บนชั้น
  ขอยืม

รายการใกล้เคียง
    ผู้แต่ง [มาลี อรุณากูร]

    หัวเรื่อง [ทันตกรรมเด็ก]
    หัวเรื่อง [เด็กที่มีความบกพร่องทางการได้ยิน]
    หัวเรื่อง [เด็กหูหนวก]
    หัวเรื่อง [การสื่อสารทางทันตแพทย์]
    หัวเรื่อง [การสื่อสารทางการแพทย์]

BibComment


ยังไม่เคยถูกคอมเมนท์

คอมเมนท์ทรัพยากรรายการนี้
  คอมเมนท์: การสื่อสารกับเด็..


 Copyright 2026. Bcnsprnw @Library